000 00294nam a22001337a 4500
008 170419b xxu||||| |||| 00| 0 eng d
020 _a9780072370317
041 _aeng
080 _22ND
_a573
100 _a11
101 _aSHM
245 _aBIOLOGY OF VIRUSES
_cVOYLES, B.A
942 _2udc
_cBK
999 _c11165
_d11165